Music Quiz

Random Music or Album Quiz

Great Albums With These Negative Reviews Quiz Stats

 Plays Quiz not verified by Sporcle

Challenge
Share
Tweet
Embed
Score 0/12 Timer 10:00
0 Plays Today
% Correct
A Farewell To Kings - Rush
60%
Paranoid - Black Sabbath
56%
Boston - Boston (debut album)
43%
Van Halen - Van Halen (debut album)
39%
A Rush of Blood to the Head - Coldplay
33%
Bat Out of Hell - Meat Loaf
31%
Ten - Pearl Jam
30%
Boy - U2
21%
Crowded House - Crowded House (debut album)
21%
American Idiot - Green Day
20%
Violator - Depeche Mode
16%
Breakfast in America - Supertramp
14%

You're not logged in!

Compare scores with friends on all Sporcle quizzes.
Join for Free
OR
Log In

You Might Also Like...

Show Comments

Extras

Top Quizzes Today


Score Distribution

Your Account Isn't Verified!

In order to create a playlist on Sporcle, you need to verify the email address you used during registration. Go to your Sporcle Settings to finish the process.

Report this User

Report this user for behavior that violates our Community Guidelines.

Details: